| 000 | 01235nam a22002777a 4500 | ||
|---|---|---|---|
| 003 | OSt | ||
| 005 | 20250414120906.0 | ||
| 008 | 200206s2018 cl ||||er|||| 00| f spa d | ||
| 020 | _a9789569949364 | ||
| 040 |
_aCO-JMCR _cCO-JMCR |
||
| 041 | 0 | _aspa | |
| 082 |
_aA-N _bELTs |
||
| 100 | 1 |
_aEltit, Diamela, _eautora _9204 |
|
| 245 | 1 | 0 |
_aSumar / _cDiamela Eltit |
| 250 | _aSegunda edición | ||
| 260 |
_aSantiago de Chile : _bPlaneta, _c2018 |
||
| 300 |
_a177 páginas ; _c23 cm. |
||
| 490 | 0 | _aSeix Barral Biblioteca breve | |
| 500 | _aIncluye datos biográficos y fotografía de la autora en solapa. | ||
| 520 | _aCarentes de esperanzas, los trabajadores del mundo repiten a diario la tragedia de la explotación capitalista. Este usufructo de toda capacidad humana se intensifica cuando el sujeto es su propio explotador; tal es el caso de los vendedores ambulantes, quienes toman la palabra de Sumar, la nueva novela de Diamela Eltit, para reunirse con otros ciudadanos vejados por un orden estatal que parece divino y comenzar a marchar. | ||
| 650 | 1 | 4 |
_aNovela chilena _934 |
| 650 | 1 | 4 |
_aEmpleados _xficción _9205 |
| 650 | 1 | 4 |
_aCapitalismo _xficción _9206 |
| 650 | 1 | 4 |
_aFicción chilena _ySiglo XXI _9207 |
| 942 |
_2ddc _cBK |
||
| 999 |
_c6436 _d6436 |
||